MARC

LEADER 00000nam0a2200000 4500
001 132800
005 20231101220405.0
035 |a (RuTPU)RU\TPU\book\143794 
090 |a 132800 
100 |a 20080306d1980 km y0rusy50 ca 
101 0 |a rus 
102 |a RU 
105 |a a z 001zy 
200 1 |a Получение и анализ чистых веществ  |e межвузовский сборник  |f Горьковский государственный университет им. Н. И. Лобачевского ; под ред. А. Д. Зорина 
210 |a Горький  |c Изд-во Горьковского ун-та  |d 1980 
215 |a 84 с.  |c ил. 
320 |9 572  |a Библиогр.: с. 
606 1 |a Химические вещества,чистые  |x Получение  |2 stltpush  |3 (RuTPU)RU\TPU\subj\31868  |9 54608 
610 1 |a производство 
610 1 |a анализ 
610 1 |a физико-химические свойства 
610 1 |a особо чистые вещества 
610 1 |a смеси 
610 1 |a разделение 
610 1 |a глубокая очистка 
610 1 |a дистилляция 
610 1 |a ректификация 
610 1 |a кристаллизация 
610 1 |a экстракция 
610 1 |a сорбция 
610 1 |a ионный обмен 
610 1 |a электрохимическое рафинирование 
675 |a 661:54-482  |v 3 
702 1 |a Зорин  |b А. Д.  |4 340 
712 0 2 |a Горьковский государственный университет им. Н. И. Лобачевского  |2 stltpush  |3 (RuTPU)RU\TPU\col\2603  |9 23713 
801 1 |a RU  |b 63413507  |c 20080228  |g PSBO 
801 2 |a RU  |b 63413507  |c 20210422  |g PSBO 
942 |c BK